El activista (theodore boone 4) / (Registro nro. 14950)

000 -CABECERA
campo de control de longitud fija 01354nam a22002057a 4500
003 - IDENTIFICADOR DEL NÚMERO DE CONTROL
campo de control OSt
005 - FECHA Y HORA DE LA ÚLTIMA TRANSACCIÓN
campo de control 20230719184921.0
008 - DATOS DE LONGITUD FIJA--INFORMACIÓN GENERAL
campo de control de longitud fija 230719b ||||| |||| 00| 0 spa d
020 ## - NÚMERO INTERNACIONAL ESTÁNDAR DEL LIBRO
Número Internacional Estándar del Libro 9789585885936
040 ## - FUENTE DE LA CATALOGACIÓN
Centro/agencia transcriptor CO-MqBPB
082 ## - NÚMERO DE LA CLASIFICACIÓN DECIMAL DEWEY
Número de clasificación JN
Número de documento/Ítem GRIt
100 ## - ENTRADA PRINCIPAL--NOMBRE DE PERSONA
Nombre de persona Grisham, John /
Fechas asociadas al nombre 1955-
245 ## - MENCIÓN DE TÍTULO
Título El activista (theodore boone 4) /
Mención de responsabilidad, etc. John Grisham: traducción José Serra Marín.
250 ## - MENCIÓN DE EDICIÓN
Mención de edición 1a. edición
260 ## - PUBLICACIÓN, DISTRIBUCIÓN, ETC.
Lugar de publicación, distribución, etc. Barcelona:
Nombre del editor, distribuidor, etc. Penguin Random House,
Fecha de publicación, distribución, etc. 2014.
300 ## - DESCRIPCIÓN FÍSICA
Extensión 266 páginas:
Otras características físicas Tapa Rústica,
Dimensiones 22 cm
500 ## - NOTA GENERAL
Nota general Una intriga política... una investigación peligrosa... y solo Theo puede revelar la verdad. Cuarta entrega de «Theodore Boone», la serie juvenil de misterio y suspense escrita por John Grisham. El joven abogado Theodore Boone ha vuelto y se enfrenta a una nueva intriga que afecta a la ciudad entera. El ayuntamiento planea la construcción de una carretera en las afueras de Strattenburg, a pesar de ir muy en contra de los intereses de sus habitantes. Cuando Theo descubre la corrupción que se esconde bajo el proyecto, decide hacer todo lo posible para impedir que se lleve a cabo. Él y sus amigos pondrán en juego los recursos necesarios para revelar las verdaderas intenciones de los implicados y evitar que los constructores se salgan con la suya.
651 ## - PUNTO DE ACCESO ADICIONAL DE MATERIA--NOMBRE GEOGRÁFICO
Nombre geográfico Novela Juvenil
Subdivisión general Ficción
942 ## - ELEMENTOS DE PUNTO DE ACCESO ADICIONAL (KOHA)
Fuente del sistema de clasificación o colocación
Tipo de ítem Koha Libro Literatura
Existencias
Estado de retiro Estado de pérdida Fuente del sistema de clasificación o colocación Estado dañado No para préstamo Código de colección Localización permanente Ubicación/localización actual Ubicación en estantería Fecha de adquisición Fuente de adquisición Total de préstamos Renovaciones totales Signatura topográfica completa Código de barras Fecha visto por última vez Fecha del último préstamo Número de copia Precio válido a partir de Tipo de ítem Koha Nota pública
          Literatura Juvenil Biblioteca Pública San Juan Bosco Biblioteca Pública San Juan Bosco Literatura 19/07/2023 Donación 2023 1 2 JN GRIt MOS503222 09/04/2025 04/10/2024 Ej. 1 19/07/2023 Libro Literatura Quince días

© Todos los derechos reservados para la Biblioteca Pública Municipal San Juan Bosco, 2020
Secretaria de Cultura de Mosquera
Carrera 3 N° 10 Esquina Centro Cultural Barrio El Carmén Teléfono: 8270830 Ext: 34
Funcionando con KOHA
Contacto: Biblioteca Pública Municipal San Juan Bosco/ bibliotecasanjuanbosco@mosquera-cundinamarca.gov.co
Mosquera, Cundinamarca